000 00493nam a2200181Ia 4500
001 46741
008 140429s9999 xx 000 0 und d
020 _a8178241447
040 _cPK-LaUMT
082 _a 954.035092
_bWEL-A
100 _aWells, Ian Bryant
245 _aAmbassador of Hindu-Muslim unity
_bJinnah's early politics
_cWells, Ian Bryant
260 _aDehli,India:
_bPermanent Black,
_c2005
300 _a269 p.
546 _aEN
650 _aBiography-M. A. Jinnah
942 _cBK
999 _c44690
_d44690